| 000 | 01207cam a2200385 a 4500 | ||
|---|---|---|---|
| 001 | 12114237 | ||
| 003 | OSt | ||
| 005 | 20140310181910.0 | ||
| 008 | 000720s2000 nyua 001 0 eng d | ||
| 010 | _a 00698300 | ||
| 020 | _a0789455358 | ||
| 035 | _a(OCoLC)ocm44267341 | ||
| 040 |
_aJIU _cJIU _dVHB _dDLC |
||
| 042 | _alccopycat | ||
| 050 | 0 | 0 |
_aZ 52.5 _b.Et84 2000 |
| 082 | 0 | 0 |
_aTR 004.02E _221 _bEt3 2000 |
| 100 | 1 | _aEtherington, Sue. | |
| 245 | 1 | 0 |
_aTables, charts & graphs / _cSue Etherington. |
| 246 | 3 | _aTables, charts, and graphs | |
| 250 | _a1st American ed. | ||
| 260 |
_aNew York : _bDK Pub., _cc2000. |
||
| 300 |
_a72 p. : _bcol. ill. ; _c18 cm. |
||
| 440 | 0 |
_aEssential computers. _pWord processing |
|
| 500 | _aIncludes index. | ||
| 520 | _a1. Microsoft Word. 2. Word Processing. 3. Charts, diagrams, etc - ---Computer programs. | ||
| 521 | _aFaculty | ||
| 541 | _j1 | ||
| 562 | _e1 | ||
| 630 | 0 | 0 | _aMicrosoft Word. |
| 650 | 0 | _aWord processing. | |
| 650 | 0 |
_aCharts, diagrams, etc. _xComputer programs. |
|
| 906 |
_a7 _bcbc _ccopycat _d2 _encip _f20 _gy-gencatlg |
||
| 942 |
_2lcc _cBK-TR _kTR |
||
| 999 |
_c6467 _d6467 |
||